000 00312nam a2200133Ia 4500
005 20251222155118.0
008 251222s9999||||xx |||||||||||||| ||spa||
082 _aETI.119
100 _aPANGRAZZI,Arnaldo.
245 0 _aGirasoles junto a los sauces
250 _a1ra. ed.
264 _bSalterrae
942 _cLIB
999 _c38336
_d38336